[Event "SLO-chT2E"]
[Site "Velenje"]
[Date "2004.11.01"]
[Round "4"]
[White "Perkovic, Boris"]
[Black "Indest, Zdravko"]
[Result "0-1"]
[WhiteElo "1914"]
[BlackElo "1704"]
[PlyCount "72"]
[EventDate "2004.11.01"]
[EventType "team"]
[EventRounds "9"]
[EventCountry "SLO"]
[SourceTitle "EXT 2008"]
[Source "ChessBase"]
[SourceDate "2007.11.25"]
[SourceVersion "1"]
[SourceVersionDate "2007.11.25"]
[SourceQuality "1"]

1. d4 d5 2. Nf3 c6 3. e3 Nf6 4. Bd3 Nbd7 5. b3 Qc7 6. Bb2 b6 7. c4 e6 8. Nbd2 Bd6 9. Rc1 Ba6 10. 0-0 0-0 11. h3 h6 12. Bb1 Rae8 13. Qc2 Qb8 14. Rfe1 e5 15. dxe5 Bxe5 16. Nxe5 Rxe5 17. Bxe5 Nxe5 18. e4 d4 19. f4 Ng6 20. e5 Nh5 21. Rf1 Rd8 22. e6 d3 23. exf7+ Kxf7 24. Qc3 Qd6 25. Rf3 Kg8 26. g3 Nf6 27. Rxd3 Qc5+ 28. Kg2 Re8 29. Kf3 Qh5+ 30. Kf2 Qxh3 31. Nf1 Ne4+ 32. Kf3 Nh4+ 33. Ke3 Nxc3+ 34. Kd2 Nxb1+ 35. Rxb1 Qg2+ 36. Kc3 Nf5 0-1